| 000 | 00680 a2200169 4500 | ||
|---|---|---|---|
| 003 | Nust | ||
| 005 | 20221221110310.0 | ||
| 040 | _cNust | ||
| 082 | _a180, LIV | ||
| 100 |
_aR.W Livingstone _9105482 |
||
| 245 |
_aThe Mission of Greece _cR.W.Livingstone |
||
| 260 |
_alondon _boxford _c1928 |
||
| 300 | _axi,302p.; | ||
| 505 | _aIntroduction (Page-1), Epicurus (Page-13), The Cynics (Page-28), The Stoics Epictetus (Page-38), Marcus Aurelis (Page-75), A Philosophic Missionary Dion Chrysostom (Page-103), Plutarch (Page-139), A Prince of Neurotics Aralias Aristides (Page-239), Lucian (Page-263), Epilogue (Page-300). | ||
| 650 |
_agreek literature _9105483 |
||
| 942 |
_2ddc _cBK |
||
| 999 |
_c193867 _d193867 |
||